Quem é o Hashira? - Statistics

Estatísticas Gerais
  • Esse quiz foi jogado 5 vezes
  • A pontuação média é 7 de 9
Estatísticas das Respostas
Hint Resposta % Correto
Conhecido por ser entusiasmado, esse hashirautiliza a técnica da respiração das chamas (diferente da respiração especial de Tanjiro, a solar), que consiste em poderosos golpes feitos para incapacitar os oponentes. Kyojuro Rengoku
100%
Conhecido por ser introspectivo e distraído jovem espadachim. Abraçando a respiração da névoa, foca em depravar os sentidos dos oponentes como a névoa faz. Assim, os golpes dele consistem em ataques velozes que deixam os inimigos sem saberem de onde a ferida veio. Muichiro Tokito
100%
Conhecido por utilizar a técnica de respiração da água, tem o mesmo estilo de combate de Tanjiro, caracterizados por golpes precisos. Aliás, ambos aprenderam com o mesmo mestre: Sakonji Urokodaki. Tido como hash9ira da Agua Giyu Tomioka
100%
É o Hashira que utiliza a respiração da rocha, que pode ser usada apenas em conjunto com armas da categoria que ele usa. A técnica é caracterizada por golpes pesados e uso do terreno para refletir e bloquear ataques. É conhecido como o Pilar mais forte do Esquadrão de Extermínio Gyomei Himejima
80%
Misturando agilidade, força e uma espada inusitada capaz de se estender e se retrair, a Hashira apresenta versatilidade e pode surpreender muito em combate. Mitsuri Kanroji
80%
Serpente é justamente a técnica de respiração que ele utiliza, um derivado da respiração da água dominada por Giyu e Tanjiro. Os métodos de combate se destacam por movimentos que confundem o inimigo, sem dar a ele uma chance de fuga. Obanai Iguro
80%
Conhecido por utilizar a respiração do Vento, o que faz com que ele aja como um furacão no campo de batalha. Em uma das formas da técnica, por exemplo, ele avança para cima do oponente girando como um ciclone. Sanemi Shinazugawa
80%
Conhecida como a hashira dos insetos, além de ser uma exímia espadachim, tem experiência médica que ela leva ao combate. Apesar de não ter a mesma força física de seus companheiros, ela é igualmente letal, utilizando uma lâmina mais fina coberta por um veneno mortífero. Shinobu Kocho
80%
Conhecido por pela respiração do som, que transforma o combate do Hashira em uma dança rítmica após ele analisar os padrões de sons por meio dos movimentos do oponente. Além disso, ele utiliza bombas para criar grandes explosões acompanhadas de estrondos sonoros. Mão direita
20%
Nenhum quiz correspondente encontrado
Distribuição das Pontuações
Porcentagem de Pessoas com Cada Pontuação
Percentil de Números Respondidos
Sua Pontuação Histórica
Você não jogou esse quiz